Statistics for Dream Smp Member Quiz

Click here to take the quiz!

General Stats

  • This quiz has been taken 5,513 times
  • The average score is 20 of 28

Answer Stats

HintAnswer% Correct
server ownerDream
100%
colorblindGeorgeNotFound
98%
muffinsBadboyhalo
97%
diamond skinSkeppy
96%
furryFundy
94%
chaotic masked sisterDrista
90%
never diesTechnoblade
90%
punPunz
89%
dad of 3Philza
87%
current presidentTubbo_
86%
blew up L'manbergWilburSoot
85%
pyro pandaSapnap
82%
compared to ThesiusTommyInnit
81%
Sapnaps boyfriendKarl Jacobs
80%
leads butcher army with TubboQuackity
79%
the traitorThe Eret
77%
mute operatorcallahan
72%
bed warsPurpled
66%
animator of "The Fall"Sadist
57%
runs with Fundy 1st electionNihachu
53%
sonicConnor eats pants
52%
Cat MaidHbomb
52%
L'manbergs doctorponk
41%
died of heart attackJshlatt
38%
A visitorNinja
38%
discount Skeppycaptain puffy
36%
founder of BoomervilleVikkstar
33%
red stone expertAwesomeDude
16%

Score Distribution

Percentile by Number Answered

Percent of People with Each Score

Your Score History

You have not taken this quiz